Rom sehen : die ersten vollständige Edition der "Römischen Tagebücher 1852 - 1889" von Ferdinand Gregorovius

Détails bibliographiques
Publié dans:Ferdinand Gregorovius und Italien. - Tübingen : Niemeyer, 1993. - (1993), Seite 59-72
Auteur principal: Völkel, Markus (Auteur)
Autres auteurs: Gregorovius, Ferdinand
Format: Article
Langue:German
Publié: 1993
Accès à la collection:Ferdinand Gregorovius und Italien
LEADER 01000caa a22002652c 4500
001 098677683
003 DE-627
005 20220423125326.0
007 tu
008 061003s1993 xx ||||| 00| ||ger c
035 |a (DE-627)098677683 
035 |a (DE-599)GBV098677683 
040 |a DE-627  |b ger  |c DE-627  |e rakwb 
041 |a ger 
100 1 |a Völkel, Markus  |e verfasserin  |4 aut 
245 1 0 |a Rom sehen  |b die ersten vollständige Edition der "Römischen Tagebücher 1852 - 1889" von Ferdinand Gregorovius 
264 1 |c 1993 
336 |a Text  |b txt  |2 rdacontent 
337 |a ohne Hilfsmittel zu benutzen  |b n  |2 rdamedia 
338 |a Band  |b nc  |2 rdacarrier 
500 |a S. [59]-72 
700 1 |a Gregorovius, Ferdinand  |e beteiligter  |4 asn 
773 0 8 |i In  |t Ferdinand Gregorovius und Italien  |d Tübingen : Niemeyer, 1993  |g (1993), Seite 59-72  |h VI, 300 S.  |w (DE-627)1616634057  |w (DE-576)035358521  |z 3484820780  |7 nnam 
773 1 8 |g year:1993  |g pages:59-72 
912 |a GBV_USEFLAG_U 
912 |a GBV_ILN_350 
912 |a ISIL_DE-2795 
912 |a SYSFLAG_1 
912 |a GBV_KXP 
912 |a GBV_ILN_11 
912 |a GBV_ILN_20 
912 |a GBV_ILN_22 
912 |a GBV_ILN_24 
912 |a GBV_ILN_31 
912 |a GBV_ILN_39 
912 |a GBV_ILN_40 
912 |a GBV_ILN_50 
912 |a GBV_ILN_61 
912 |a GBV_ILN_62 
912 |a GBV_ILN_65 
912 |a GBV_ILN_72 
912 |a GBV_ILN_100 
912 |a GBV_ILN_120 
912 |a GBV_ILN_121 
912 |a GBV_ILN_227 
912 |a GBV_ILN_491 
912 |a GBV_ILN_791 
912 |a GBV_ILN_813 
912 |a GBV_ILN_2001 
912 |a GBV_ILN_2003 
912 |a GBV_ILN_2004 
912 |a GBV_ILN_2005 
912 |a GBV_ILN_2006 
912 |a GBV_ILN_2007 
912 |a GBV_ILN_2008 
912 |a GBV_ILN_2009 
912 |a GBV_ILN_2010 
912 |a GBV_ILN_2011 
912 |a GBV_ILN_2016 
912 |a GBV_ILN_2018 
912 |a GBV_ILN_2020 
912 |a GBV_ILN_2043 
912 |a GBV_ILN_2056 
912 |a GBV_ILN_2083 
912 |a GBV_ILN_2570 
912 |a GBV_ILN_350_ 
951 |a AR 
952 |j 1993  |h 59-72 
980 |2 350  |1 01  |x 8293  |b 097896063  |c 00  |f DHIP  |d --%%--  |e i  |j --%%--  |y n  |z 15-11-01